Szczegóły MARC21

Narodowe Fundusze Inwestycyjne na giełdzie /

003 -Nazwa inst., której nr kontr. jest w polu 001 [,]
    • @
    • Nazwa instytucji, której n kontrolny jest w polu 001
    • NUKAT
005 -DATA I CZAS OSTATNIEJ MODYFIKACJI [,]
    • @
    • pole kontrolne
    • 20241231111822.0
020 -Międzynarod. znormalizowany nr książki - ISBN [ , ]
    • a
    • Numer ISBN
    • 838603842X Find
040 -Instytucja sporządzająca opis [ , ]
    • a
    • Instytucja, która sporządziła opis (NP)
    • Ł U/MA
    • c
    • Instytucja, która sporządziła rekord (NP)
    • Ł U/MA
    • d
    • Instytucja, która zmodyfikowała rekord (P)
    • Ł U/AS
    • d
    • Instytucja, która zmodyfikowała rekord (P)
    • Ł U/MSs
942 -Rodzaj dokumentu [ , ]
    • c
    • Rodzaj dokumentu
    • Książka
100 -Hasło główne - nazwa osobowa [1, ]
    • a
    • Nazwa osobowa (NP)
    • Kostrz-Kostecka, Ada
    • d
    • Daty biograficzne (NP)
    • (1951- ).
    • 9
    • KHW
    • 492293
245 -Strefa tytułu i oznaczenia odpowiedzialności [1,0]
    • a
    • Tytuł
    • Narodowe Fundusze Inwestycyjne na giełdzie / Find
    • c
    • Pozostałe elementy strefy tytułu i oznaczenia odpowiedzialności (NP)
    • Ada Kostrz-Kostecka.
250 -Strefa wydania [ , ]
    • a
    • Oznaczenie wydania (NP)
    • Wg stanu na 15 maja 1997 r.
260 -Strefa adresu wydawniczego [ , ]
    • a
    • Miejsce wydania (P)
    • Warszawa :
    • b
    • Nazwa wydawcy (P)
    • Presspublica,
    • c
    • Data wydania (P)
    • 1997.
300 -Strefa opisu fizycznego [ , ]
    • a
    • Określenie formy książki i/lub objętość (NP)
    • 260, [1] s. :
    • b
    • Oznaczenie ilustracji (NP)
    • tab., wykr. ;
    • c
    • Format (NP)
    • 21 cm.
336 -Typ zawartości [ , ]
    • a
    • Termin opisujący typ zawartości
    • Tekst
    • b
    • Kod określający zawartość
    • txt
    • 2
    • Źródło (terminu i kodu)
    • rdacontent
337 -Typ mediów [ , ]
    • a
    • Tryb odtwarzania
    • Bez urządzenia pośredniczącego
    • b
    • Kod typu mediów
    • n
    • 2
    • Źródło (terminu i kodu)
    • rdamedia
338 -Typ/rodzaj nośnika [ , ]
    • a
    • Hasło opisujące typ nośnika
    • Wolumin
    • b
    • Kod typu nośnika
    • nc
    • 2
    • Źródło (terminu i kodu)
    • rdacarrier
504 -Uwaga dot. bibliogr. załącznikowej [ , ]
    • a
    • Uwaga dot. bibliografii załącznikowej
    • Bibliogr. s. 249-255.
080 -Uniwersalna Klasyfikacja Dziesiętna [ , ]
    • a
    • Symbol klasyfikacji
    • 336.76(438)
650 -Hasło przedmiotowe [ ,7]
    • a
    • Hasło przedmiotowe
    • Kurs papierów wartościowych.
    • 2
    • Źródło terminu
    • kaba
    • 9
    • KHW
    • 116483
650 -Hasło przedmiotowe [ ,7]
    • a
    • Hasło przedmiotowe
    • Prywatyzacja
    • x
    • Określnik rzeczowy
    • prawo
    • z
    • Określnik geograficzny
    • Polska.
    • 2
    • Źródło terminu
    • kaba
    • 9
    • KHW
    • 377657
650 -Hasło przedmiotowe [ ,7]
    • a
    • Hasło przedmiotowe
    • Fundusze inwestycyjne.
    • 2
    • Źródło terminu
    • kaba
    • 9
    • KHW
    • 130778
980 -Symbol UKD [ , ]
    • a
    • UKD
    • 336.76(438)
920 -ISBN [ , ]
    • a
    • ISBN
    • 83-86038-42-X Find
Lokalizacja Data inwentaryzacji Sygnatura Numer inwentarzowy Status udost.
BE1998-05-15 E.65469-2
BE2006-06-30 S.92421-2
BE2006-06-30 S.92422-2
GW2015-09-07336GW.342-3
T2000-05-30T.2464T.2464-2
T2000-05-30T.2465T.2465-3
T2000-05-30T.2466T.2466-3
T2000-05-30T.2467T.2467-3
T2000-05-30T.2468T.2468-3
T2000-05-30T.2469T.2469-3
T2000-05-30T.2470T.2470-3
T2000-05-30T.2471T.2471-3
T2000-05-30T.2472T.2472-3
T2000-05-30T.2473T.2473-3
T2000-05-30T.2474T.2474-3
T2000-05-30T.2475T.2475-3
T2000-05-30T.2476T.2476-3
T2000-05-30T.2477T.2477-3